[Event "European zonal B1"]
[Site "Barcelona ESP"]
[Date "1975.10.07"]
[Round "1"]
[White "Eslon, Jaan"]
[Black "Keene, Raymond Dennis"]
[Result "1/2-1/2"]
[WhiteElo "2435"]
[BlackElo "2505"]
[EventDate "1975.10.07"]
[PlyCount "52"]

1.d4 e6 2.c4 Nf6 3.Nf3 b6 4.Nc3 Bb4 5.Bg5 h6 6.Bh4 Bb7 7.e3 g5 8.Bg3 Ne4 
9.Qc2 Bxc3+ 10.bxc3 d6 11.Bd3 Nxg3 12.hxg3 Nd7 13.a4 a5 14.Rb1 Qe7 15.Be4 
O-O-O 16.Bxb7+ Kxb7 17.Qe4+ Ka7 18.Qc6 Nb8 19.Qb5 Qe8 20.Qxe8 Rdxe8 21.Ke2
Nd7 22.Nd2 f5 23.Kd3 e5 24.f3 c5 25.d5 Reg8 26.g4 Nf6 1/2-1/2

[Event "European zonal B1"]
[Site "Barcelona ESP"]
[Date "1975.10.07"]
[Round "1"]
[White "Jakobsen, Ole"]
[Black "Janetschek, Karl"]
[Result "1/2-1/2"]
[WhiteElo "2435"]
[BlackElo "2355"]
[EventDate "1975.10.07"]
[PlyCount "68"]

1.Nf3 g6 2.g3 c5 3.c4 Bg7 4.Nc3 Nc6 5.Bg2 d6 6.O-O e5 7.d3 Nge7 8.Bd2 O-O 
9.a3 h6 10.Rb1 a5 11.Ne1 Be6 12.Nd5 Rb8 13.Nc2 b5 14.Nce3 b4 15.Nxe7+ Nxe7
16.axb4 axb4 17.Qb3 f5 18.Ra1 f4 19.Nd5 Nxd5 20.cxd5 Bg4 21.f3 Bd7 22.Kh1 
Ra8 23.Qc4 fxg3 24.hxg3 Ra5 25.Ra2 Qb6 26.Rfa1 Rfa8 27.Kh2 Qd8 28.Bh3 Bxh3
29.Kxh3 Qd7+ 30.Kg2 Ra4 31.Qb3 R4a7 32.Be3 Rxa2 33.Rxa2 Qb7 34.Rxa8+ Qxa8 
1/2-1/2

[Event "European zonal B1"]
[Site "Barcelona ESP"]
[Date "1975.10.07"]
[Round "1"]
[White "Pachman, Ludek"]
[Black "Diez del Corral Rivas, Jesus"]
[Result "1/2-1/2"]
[WhiteElo "2510"]
[BlackElo "2515"]
[EventDate "1975.10.07"]
[PlyCount "64"]

1.d4 Nf6 2.c4 c5 3.d5 b5 4.cxb5 a6 5.Nc3 d6 6.e4 g6 7.bxa6 Bg7 8.Nf3 O-O 
9.h3 Nfd7 10.Bf4 Qb6 11.Qd2 Bxa6 12.Bxa6 Nxa6 13.O-O Rfb8 14.Rab1 Nc7 15.
Qc2 Nb5 16.Nxb5 Qxb5 17.b3 Ra3 18.Bc1 Ra7 19.Bg5 Qa6 20.a4 Rab7 21.Rfe1 
Kf8 22.Bd2 Kg8 23.Bf4 c4 24.bxc4 Rb2 25.Rxb2 Rxb2 26.Qc1 Qxa4 27.e5 Rc2 
28.Qe3 Rxc4 29.Bh6 Qb4 30.exd6 Qxd6 31.Bxg7 Kxg7 32.Qxe7 Qxd5 1/2-1/2

[Event "European zonal B1"]
[Site "Barcelona ESP"]
[Date "1975.10.07"]
[Round "1"]
[White "Sosonko, Gennadi"]
[Black "Hutchings, Stuart"]
[Result "1-0"]
[WhiteElo "2470"]
[BlackElo "2330"]
[EventDate "1975.10.07"]
[PlyCount "53"]

1.d4 Nf6 2.c4 c5 3.d5 e6 4.Nc3 exd5 5.cxd5 d6 6.Nf3 g6 7.Bf4 a6 8.e4 b5 9.
Bd3 Bg7 10.O-O O-O 11.h3 Qb6 12.a4 c4 13.Be2 b4 14.a5 Qc7 15.Na4 Nbd7 16.
Rc1 Nxe4 17.Rxc4 Nec5 18.Nxc5 Nxc5 19.Nd4 Qe7 20.Rxb4 Bd7 21.Nc6 Qf6 22.
Qd2 Rfe8 23.Bf3 h5 24.Bg5 Qf5 25.Ne7+ Rxe7 26.Bxe7 Bb5 27.Rxb5 1-0

[Event "European zonal B1"]
[Site "Barcelona ESP"]
[Date "1975.10.08"]
[Round "2"]
[White "Hutchings, Stuart"]
[Black "Diez del Corral Rivas, Jesus"]
[Result "1/2-1/2"]
[WhiteElo "2330"]
[BlackElo "2515"]
[EventDate "1975.10.07"]
[PlyCount "75"]

1.e4 e6 2.d4 d5 3.Nd2 Nf6 4.e5 Nfd7 5.Bd3 c5 6.c3 Nc6 7.Ne2 a5 8.O-O a4 9.
f4 cxd4 10.cxd4 g6 11.g4 Qh4 12.Kh1 Qxg4 13.Qe1 Be7 14.Nf3 Nb4 15.Bb1 b6 
16.a3 Nc6 17.Bd3 Ba6 18.Bxa6 Rxa6 19.Qf2 Na5 20.Be3 Nc4 21.f5 Qe4 22.Bh6 
gxf5 23.Nf4 Qe3 24.Qg2 Bf8 25.Nxd5 Qxh6 26.Nc7+ Kd8 27.Nxa6 Ne3 28.Qe2 
Nxf1 29.Rxf1 Rg8 30.Qc4 Qh3 31.Rf2 Bh6 32.Qc7+ Ke7 33.Qd6+ Ke8 34.Nb8 Be3 
35.Qxd7+ Kf8 36.Qd8+ Kg7 37.Qf6+ Kf8 38.Qd8+ 1/2-1/2

[Event "European zonal B1"]
[Site "Barcelona ESP"]
[Date "1975.10.08"]
[Round "2"]
[White "Janetschek, Karl"]
[Black "Eslon, Jaan"]
[Result "1/2-1/2"]
[WhiteElo "2355"]
[BlackElo "2435"]
[EventDate "1975.10.07"]
[PlyCount "80"]

1.e4 Nf6 2.Nc3 d5 3.exd5 Nxd5 4.d4 Nxc3 5.bxc3 g6 6.Nf3 Bg7 7.Bc4 O-O 8.
O-O c5 9.Ba3 cxd4 10.cxd4 Nc6 11.c3 Qa5 12.Qb3 Bg4 13.Bd5 Bf6 14.Rfe1 Rac8
15.Rac1 Qd8 16.Bxc6 bxc6 17.Ne5 Bf5 18.Re2 Qa5 19.Bc5 Qa6 20.Rce1 Rb8 21.
Qa3 Qxa3 22.Bxa3 Rfc8 23.g4 Be6 24.f4 Rb5 25.g5 Bxe5 26.Rxe5 Rxe5 27.Rxe5 
Rc7 28.Ra5 Bxa2 29.Bc5 Bc4 30.Bxa7 f6 31.Bc5 Kf7 32.Ra8 fxg5 33.fxg5 Kg7 
34.Kf2 h6 35.h4 hxg5 36.hxg5 Kf7 37.Ke3 Ke6 38.Kf4 Bd3 39.Rf8 Be2 40.Rd8 
Bd3 1/2-1/2

[Event "European zonal B1"]
[Site "Barcelona ESP"]
[Date "1975.10.08"]
[Round "2"]
[White "Keene, Raymond Dennis"]
[Black "Pachman, Ludek"]
[Result "1/2-1/2"]
[WhiteElo "2505"]
[BlackElo "2510"]
[EventDate "1975.10.07"]
[PlyCount "49"]

1.d4 d5 2.c4 c6 3.cxd5 cxd5 4.Nc3 Nf6 5.Nf3 Nc6 6.Bf4 e6 7.e3 Bd6 8.Bg3 a6
9.Rc1 Bxg3 10.hxg3 Qd6 11.Bd3 Bd7 12.a3 Rc8 13.Bb1 h6 14.O-O O-O 15.Qd3 
Rfe8 16.Rfd1 Kf8 17.e4 dxe4 18.Nxe4 Nxe4 19.Qxe4 f5 20.Qe3 Ne7 21.Ba2 Rxc1
22.Rxc1 Rc8 23.Rxc8+ Bxc8 24.Ne5 Nc6 25.Nxc6 1/2-1/2

[Event "European zonal B1"]
[Site "Barcelona ESP"]
[Date "1975.10.08"]
[Round "2"]
[White "Sosonko, Gennadi"]
[Black "Jakobsen, Ole"]
[Result "1-0"]
[WhiteElo "2470"]
[BlackElo "2435"]
[EventDate "1975.10.07"]
[PlyCount "81"]

1.d4 Nf6 2.c4 c5 3.d5 e6 4.Nc3 exd5 5.cxd5 d6 6.e4 g6 7.f4 Bg7 8.e5 Nfd7 
9.Nb5 dxe5 10.Nd6+ Ke7 11.Nxc8+ Qxc8 12.Nf3 Re8 13.fxe5 Nxe5 14.Bb5 Nbd7 
15.Nxe5 Kf8 16.O-O Rxe5 17.Bf4 a6 18.Bxe5 Nxe5 19.Be2 c4 20.Kh1 Qc5 21.Qd2
Rd8 22.Rfd1 b5 23.a4 b4 24.Rac1 Qd6 25.Qf4 Nd3 26.Qxd6+ Rxd6 27.Bxd3 cxd3 
28.Rc8+ Ke7 29.Rc7+ Kd8 30.Rxf7 Bxb2 31.Rxd3 Rd7 32.Rxd7+ Kxd7 33.g3 Kd6 
34.Kg2 Be5 35.Kf3 Kc5 36.Ke4 Bd6 37.Rd1 b3 38.Kd3 Kb4 39.a5 Bc7 40.Rf1 Ka3
41.Rf7 1-0

[Event "European zonal B1"]
[Site "Barcelona ESP"]
[Date "1975.10.09"]
[Round "3"]
[White "Diez del Corral Rivas, Jesus"]
[Black "Keene, Raymond Dennis"]
[Result "1-0"]
[WhiteElo "2515"]
[BlackElo "2505"]
[EventDate "1975.10.07"]
[PlyCount "57"]

1.e4 e6 2.d4 d5 3.Nc3 Bb4 4.e5 b6 5.a3 Bxc3+ 6.bxc3 Qd7 7.Nh3 Ba6 8.Bd3 c5
9.Qg4 f5 10.Qh5+ g6 11.Qh4 Bxd3 12.cxd3 Nc6 13.dxc5 bxc5 14.O-O Nxe5 15.d4
Nc6 16.Re1 cxd4 17.cxd4 Kf8 18.Nf4 Kf7 19.Nxe6 Re8 20.Ng5+ Kg7 21.Rxe8 
Qxe8 22.Bd2 Qe2 23.Nf3 Qe4 24.Qg3 Qe7 25.Rc1 Qb7 26.Qd6 Nge7 27.Bg5 Rf8 
28.Re1 Rf7 29.Ne5 1-0

[Event "European zonal B1"]
[Site "Barcelona ESP"]
[Date "1975.10.09"]
[Round "3"]
[White "Eslon, Jaan"]
[Black "Sosonko, Gennadi"]
[Result "0-1"]
[WhiteElo "2435"]
[BlackElo "2470"]
[EventDate "1975.10.07"]
[PlyCount "80"]

1.d4 Nf6 2.c4 e6 3.Nf3 d5 4.Nc3 Bb4 5.e3 O-O 6.Bd3 c5 7.O-O cxd4 8.exd4 
dxc4 9.Bxc4 b6 10.Bg5 Bb7 11.Qe2 Bxc3 12.bxc3 Nbd7 13.Bd3 Qc7 14.Rac1 Ng4 
15.Be4 Bxe4 16.Qxe4 Ngf6 17.Qe2 Rac8 18.c4 Qb7 19.Rfe1 Qa6 20.Ne5 h6 21.
Bh4 Rfe8 22.Bg3 Nxe5 23.Bxe5 Nd7 24.Bg3 Nf8 25.Qc2 Red8 26.Red1 Rc6 27.Rd3
Ng6 28.Qb3 Rdc8 29.Rdc3 Ne7 30.f3 Nf5 31.Bf2 Qa5 32.a4 Ne7 33.R3c2 Qf5 34.
Rc3 Qf6 35.Qa2 Nd5 36.Ra3 Qg5 37.f4 Qxf4 38.Rf1 Rxc4 39.Rf3 Qe4 40.Qa3 Rc3
0-1

[Event "European zonal B1"]
[Site "Barcelona ESP"]
[Date "1975.10.09"]
[Round "3"]
[White "Jakobsen, Ole"]
[Black "Hutchings, Stuart"]
[Result "1-0"]
[WhiteElo "2435"]
[BlackElo "2330"]
[EventDate "1975.10.07"]
[PlyCount "65"]

1.Nf3 c5 2.c4 g6 3.d4 Bg7 4.e4 Qa5+ 5.Nc3 Nc6 6.d5 Nd4 7.Bd2 Nxf3+ 8.Qxf3 
d6 9.Be2 Nf6 10.Qd3 Qd8 11.O-O O-O 12.h3 e5 13.dxe6 Bxe6 14.Rad1 Qb6 15.b3
Nd7 16.f4 f5 17.Bf3 Rae8 18.Nd5 Bd4+ 19.Qxd4 cxd4 20.Nxb6 axb6 21.exf5 
Rxf5 22.Bc1 Ra5 23.Rxd4 Rxa2 24.Rxd6 Bf5 25.Rd2 Rxd2 26.Bxd2 Bc2 27.Bxb7 
Bxb3 28.Bd5+ Kg7 29.Bc3+ Kh6 30.f5 gxf5 31.Rxf5 Rf8 32.Bf7 Bd1 33.g4 1-0

[Event "European zonal B1"]
[Site "Barcelona ESP"]
[Date "1975.10.09"]
[Round "3"]
[White "Pachman, Ludek"]
[Black "Janetschek, Karl"]
[Result "1/2-1/2"]
[WhiteElo "2510"]
[BlackElo "2355"]
[EventDate "1975.10.07"]
[PlyCount "43"]

1.d4 d5 2.c4 dxc4 3.Nf3 Nf6 4.Qa4+ Nfd7 5.e4 e6 6.Bxc4 c5 7.d5 exd5 8.Bxd5
Be7 9.Qb3 O-O 10.Bxb7 c4 11.Qb5 Nc5 12.Bxc8 Nd3+ 13.Ke2 Qxc8 14.Nc3 a6 15.
Qa4 Nd7 16.Rd1 Nb6 17.Qc2 Bc5 18.Be3 Bxe3 19.fxe3 Qc5 20.Ne1 Qh5+ 21.Nf3 
Qc5 22.Ne1 1/2-1/2

[Event "European zonal B1"]
[Site "Barcelona ESP"]
[Date "1975.10.11"]
[Round "4"]
[White "Hutchings, Stuart"]
[Black "Keene, Raymond Dennis"]
[Result "0-1"]
[WhiteElo "2330"]
[BlackElo "2505"]
[EventDate "1975.10.07"]
[PlyCount "54"]

1.e4 e6 2.d4 d5 3.Nd2 Nf6 4.e5 Nfd7 5.Bd3 c5 6.c3 Nc6 7.Ne2 cxd4 8.cxd4 f6
9.exf6 Nxf6 10.O-O Bd6 11.Nf3 Qc7 12.Nc3 a6 13.Bg5 Ng4 14.h3 Nh6 15.Bxh6 
gxh6 16.Qe2 O-O 17.Rad1 Qg7 18.Kh1 Kh8 19.Bb1 Rg8 20.g3 Bd7 21.Rfe1 Raf8 
22.Ne5 Nxe5 23.dxe5 Bc5 24.Rf1 Bc6 25.Qc2 Rf7 26.Rde1 Bxf2 27.Rxf2 Qxg3 
0-1

[Event "European zonal B1"]
[Site "Barcelona ESP"]
[Date "1975.10.11"]
[Round "4"]
[White "Jakobsen, Ole"]
[Black "Eslon, Jaan"]
[Result "1-0"]
[WhiteElo "2435"]
[BlackElo "2435"]
[EventDate "1975.10.07"]
[PlyCount "135"]

1.Nf3 g6 2.c4 Bg7 3.d4 Nf6 4.g3 O-O 5.Bg2 d6 6.Nc3 c6 7.O-O Bf5 8.Qb3 Qc8 
9.Ne1 e5 10.d5 Na6 11.e4 Nc5 12.Qc2 Bh3 13.f3 cxd5 14.cxd5 Bd7 15.Be3 a5 
16.Rc1 b6 17.Rf2 Ne8 18.Bf1 Nc7 19.Qd2 Qe8 20.Nc2 Qe7 21.Na3 f5 22.Nc4 
Rfb8 23.exf5 gxf5 24.Re1 Ne8 25.Bh6 b5 26.Bxg7 Qxg7 27.Ne3 b4 28.Ncd1 Qg6 
29.Kh1 Ng7 30.Nc4 a4 31.Nde3 Qf6 32.Rc1 Be8 33.Ng2 Bf7 34.Nge3 e4 35.Be2 
a3 36.bxa3 bxa3 37.Rff1 Ra4 38.fxe4 Nxe4 39.Qc2 Nc5 40.Bf3 Rab4 41.Qc3 Qh6
42.Nxd6 Qxd6 43.Qxc5 Qxc5 44.Rxc5 Rb2 45.d6 Rd8 46.Rc3 Bh5 47.Bg2 Bf7 48.
Rxa3 Rxa2 49.Rxa2 Bxa2 50.Rd1 Be6 51.Bc6 Kf7 52.Kg2 Kf6 53.Kf3 Ke5 54.d7 
Nh5 55.Ng2 Nf6 56.Nf4 Bxd7 57.Ke2 h6 58.Ke1 h5 59.Ba4 h4 60.Ng6+ Ke4 61.
Nxh4 Nd5 62.Bc2+ Ke5 63.Ng6+ Ke6 64.Bb3 Kf6 65.Rxd5 Kxg6 66.Kf2 Kf6 67.Ba4
Rh8 68.Bxd7 1-0

[Event "European zonal B1"]
[Site "Barcelona ESP"]
[Date "1975.10.11"]
[Round "4"]
[White "Janetschek, Karl"]
[Black "Diez del Corral Rivas, Jesus"]
[Result "0-1"]
[WhiteElo "2355"]
[BlackElo "2515"]
[EventDate "1975.10.07"]
[PlyCount "128"]

1.e4 e6 2.d4 d5 3.Nd2 Nf6 4.e5 Nfd7 5.Bd3 c5 6.c3 Nc6 7.Ne2 Qb6 8.Nf3 cxd4
9.cxd4 f6 10.exf6 Nxf6 11.O-O Bd6 12.Bd2 O-O 13.Bc3 Bd7 14.Ne5 Bxe5 15.
dxe5 Ng4 16.Bd4 Nxd4 17.Nxd4 Rf4 18.Nf3 Raf8 19.Qe2 Qd8 20.h3 Nh6 21.Kh2 
Be8 22.Ng1 Qb6 23.f3 Nf5 24.Bxf5 R4xf5 25.Rfe1 Bb5 26.Qd2 d4 27.Re4 Rd8 
28.Ne2 d3 29.Nc3 Bc6 30.Re3 Rf4 31.Rd1 Rfd4 32.Rf1 Qc5 33.a3 a5 34.Rf2 b5 
35.Nb1 b4 36.axb4 axb4 37.Qd1 d2 38.Ree2 Qc1 39.Rf1 Bb5 40.Rxd2 Qxd1 41.
Rfxd1 Bd3 42.Kg3 g5 43.Kf2 R4d5 44.Ke3 Rxe5+ 45.Kf2 Red5 46.Ke3 Bg6 47.
Rxd5 exd5 48.Nd2 Re8+ 49.Kf2 Ra8 50.Nb3 Ra2 51.Rd2 Kf7 52.Ke3 Ke6 53.Kd4 
Kd6 54.Re2 Bf7 55.Nc1 Ra8 56.Nd3 b3 57.Kc3 Rc8+ 58.Kxb3 d4+ 59.Kb4 Rb8+ 
60.Ka4 Bb3+ 61.Ka5 Bc4 62.Rd2 Bxd3 63.Rxd3 Kc5 64.Ka6 Rxb2 0-1

[Event "European zonal B1"]
[Site "Barcelona ESP"]
[Date "1975.10.11"]
[Round "4"]
[White "Sosonko, Gennadi"]
[Black "Pachman, Ludek"]
[Result "1/2-1/2"]
[WhiteElo "2470"]
[BlackElo "2510"]
[EventDate "1975.10.07"]
[PlyCount "42"]

1.d4 Nf6 2.c4 e6 3.g3 Bb4+ 4.Nd2 c5 5.dxc5 Nc6 6.Bg2 Bxc5 7.Ngf3 d5 8.O-O 
O-O 9.e3 Qe7 10.cxd5 exd5 11.Nb3 Bb6 12.Nbd4 Ne4 13.b3 Bg4 14.Nxc6 bxc6 
15.Qc2 c5 16.Bb2 Qe6 17.Nd2 Nxd2 18.Qxd2 Rad8 19.Rfe1 Qh6 20.a4 a5 21.Bc3 
d4 1/2-1/2

[Event "European zonal B1"]
[Site "Barcelona ESP"]
[Date "1975.10.12"]
[Round "5"]
[White "Diez del Corral Rivas, Jesus"]
[Black "Sosonko, Gennadi"]
[Result "1/2-1/2"]
[WhiteElo "2515"]
[BlackElo "2470"]
[EventDate "1975.10.07"]
[PlyCount "57"]

1.e4 c5 2.Nf3 d6 3.d4 cxd4 4.Nxd4 Nf6 5.Nc3 g6 6.Be2 Bg7 7.O-O Nc6 8.Be3 
O-O 9.Qd2 Bd7 10.Rad1 Rc8 11.f3 a6 12.Nxc6 Bxc6 13.Nd5 Nxd5 14.exd5 Ba4 
15.Bd3 Qd7 16.b3 Bc3 17.Qf2 Bb5 18.Bh6 Rfe8 19.f4 Bxd3 20.Rxd3 Bf6 21.f5 
Qxf5 22.Qxf5 gxf5 23.c4 b5 24.cxb5 axb5 25.Rxf5 Rc3 26.Rxc3 Bxc3 27.Rf4 e6
28.Re4 Ra8 29.dxe6 1/2-1/2

[Event "European zonal B1"]
[Site "Barcelona ESP"]
[Date "1975.10.12"]
[Round "5"]
[White "Eslon, Jaan"]
[Black "Hutchings, Stuart"]
[Result "1-0"]
[WhiteElo "2435"]
[BlackElo "2330"]
[EventDate "1975.10.07"]
[PlyCount "79"]

1.e4 c5 2.c3 Nf6 3.e5 Nd5 4.d4 cxd4 5.cxd4 d6 6.Nf3 Nc6 7.Bc4 e6 8.Qe2 Be7
9.O-O O-O 10.Nc3 Nxc3 11.bxc3 dxe5 12.dxe5 b6 13.Bd3 Bb7 14.Qe4 g6 15.Bh6 
Re8 16.Rad1 Qc7 17.Qf4 Rad8 18.Rfe1 Rd5 19.c4 Rd7 20.Ng5 Bxg5 21.Qxg5 Qd8 
22.Qf4 Rd4 23.Qe3 Ne7 24.Bg5 Qd7 25.Bf6 Nf5 26.Qh3 Rc8 27.Be2 Rcxc4 28.Qa3
Rc2 29.Bf3 Rxd1 30.Rxd1 Rd2 31.Rc1 Nd4 32.Qe3 Nxf3+ 33.gxf3 Rd1+ 34.Kg2 
Rd3 35.Rd1 Rxd1 36.Qh6 Bxf3+ 37.Kh3 Bg2+ 38.Kh4 Qd4+ 39.f4 Qf2+ 40.Kg5 1-0

[Event "European zonal B1"]
[Site "Barcelona ESP"]
[Date "1975.10.12"]
[Round "5"]
[White "Keene, Raymond Dennis"]
[Black "Janetschek, Karl"]
[Result "1-0"]
[WhiteElo "2505"]
[BlackElo "2355"]
[EventDate "1975.10.07"]
[PlyCount "51"]

1.Nf3 d5 2.b3 Bf5 3.Bb2 e6 4.g3 Nd7 5.Bg2 Ngf6 6.O-O Be7 7.d3 O-O 8.e3 h6 
9.Qe2 c6 10.Kh1 Bh7 11.Nbd2 Ne8 12.e4 a5 13.a4 Nc7 14.e5 Nc5 15.Nd4 Ra6 
16.f4 b5 17.g4 f5 18.exf6 gxf6 19.Rf3 Rf7 20.Bh3 bxa4 21.bxa4 Bd6 22.g5 
Bxf4 23.g6 Bxg6 24.Rxf4 e5 25.Rg4 Kh7 26.Rag1 1-0

[Event "European zonal B1"]
[Site "Barcelona ESP"]
[Date "1975.10.12"]
[Round "5"]
[White "Pachman, Ludek"]
[Black "Jakobsen, Ole"]
[Result "1-0"]
[WhiteElo "2510"]
[BlackElo "2435"]
[EventDate "1975.10.07"]
[PlyCount "85"]

1.e4 c5 2.Nc3 e6 3.Nge2 Nc6 4.d4 cxd4 5.Nxd4 a6 6.Be2 Qc7 7.Be3 Nf6 8.O-O 
Bb4 9.Nxc6 bxc6 10.Na4 Be7 11.Nb6 Rb8 12.Nxc8 Qxc8 13.e5 Nd5 14.Bc1 c5 15.
c4 Nb4 16.b3 O-O 17.Bb2 Qc7 18.Bf3 d6 19.Qe2 Rfd8 20.Rfd1 Nc6 21.exd6 Bxd6
22.Bxc6 Qxc6 23.h4 Bf8 24.h5 h6 25.Qg4 Kh7 26.Bc3 Rbc8 27.Ba5 Rxd1+ 28.
Rxd1 Be7 29.Qf3 Kg8 30.Qxc6 Rxc6 31.Rd7 Kf8 32.Rb7 Ke8 33.Bc3 f6 34.Ra7 
Rd6 35.Kf1 e5 36.Ke2 Re6 37.g4 Rb6 38.Kd3 Kf7 39.Ke4 Ke6 40.f3 Rc6 41.Rb7 
Bf8 42.Ba5 Be7 43.Rb6 1-0

[Event "European zonal B1"]
[Site "Barcelona ESP"]
[Date "1975.10.13"]
[Round "6"]
[White "Eslon, Jaan"]
[Black "Pachman, Ludek"]
[Result "0-1"]
[WhiteElo "2435"]
[BlackElo "2510"]
[EventDate "1975.10.07"]
[PlyCount "160"]

1.e4 e5 2.Nf3 Nc6 3.Bb5 a6 4.Ba4 d6 5.c3 Bd7 6.d4 Nf6 7.O-O g6 8.Re1 Qe7 
9.d5 Nb8 10.c4 Bg7 11.Nc3 O-O 12.b4 a5 13.a3 Na6 14.Rb1 Bc8 15.Bc2 Nh5 16.
Bg5 Bf6 17.Be3 axb4 18.axb4 Bg4 19.h3 Bxf3 20.Qxf3 Bg5 21.Nd1 Kh8 22.Qg4 
Bxe3 23.Nxe3 Nb8 24.Ra1 Nd7 25.g3 Ng7 26.Qe2 b6 27.Ba4 Nf6 28.Qd3 Nfh5 29.
Qc3 f5 30.exf5 gxf5 31.Nf1 f4 32.g4 f3 33.gxh5 Nxh5 34.Re4 Rxa4 35.Rxa4 
Qd7 36.Rh4 Qxa4 37.Qd3 Nf6 38.Qxf3 Qxb4 39.Ne3 Qb1+ 40.Kh2 Qg6 41.Kh1 Nd7 
42.Qg2 Qxg2+ 43.Kxg2 Nc5 44.Nd1 Nd3 45.Rg4 Nf4+ 46.Kh2 b5 47.cxb5 Nxd5 48.
Rc4 Rf7 49.Kg3 Kg7 50.Ne3 Nxe3 51.fxe3 Kf6 52.Rc6 Kf5 53.b6 cxb6 54.Rxd6 
Rb7 55.Kf3 b5 56.e4+ Kg5 57.Re6 b4 58.Rxe5+ Kf6 59.Rf5+ Ke6 60.Ra5 b3 61.
Ra1 b2 62.Rb1 Ke5 63.h4 Rb3+ 64.Ke2 Kxe4 65.Kd2 Kf4 66.Kc2 Rb5 67.Rf1+ Kg4
68.Kb1 h5 69.Rh1 Kg3 70.Rg1+ Kxh4 71.Rg8 Kh3 72.Rg7 h4 73.Rg8 Kh2 74.Rg4 
h3 75.Rg8 Kh1 76.Rg3 h2 77.Rg7 Rf5 78.Kxb2 Rf2+ 79.Kc1 Rg2 80.Rf7 Kg1 0-1

[Event "European zonal B1"]
[Site "Barcelona ESP"]
[Date "1975.10.13"]
[Round "6"]
[White "Hutchings, Stuart"]
[Black "Janetschek, Karl"]
[Result "1-0"]
[WhiteElo "2330"]
[BlackElo "2355"]
[EventDate "1975.10.07"]
[PlyCount "73"]

1.e4 e5 2.Nf3 Nc6 3.Bb5 a6 4.Ba4 Nf6 5.Qe2 Be7 6.c3 d6 7.O-O b5 8.Bb3 O-O 
9.Rd1 Na5 10.Bc2 c5 11.d4 Qc7 12.d5 c4 13.Nbd2 Nb7 14.Nf1 Ne8 15.Ng3 g6 
16.a4 Qb8 17.Be3 f6 18.Ra2 Nc5 19.axb5 axb5 20.Rda1 Rxa2 21.Rxa2 Bd8 22.
Nd2 Bb6 23.b4 Nd7 24.Bxb6 Nxb6 25.Ra5 Nc7 26.Ndf1 Bd7 27.h4 Ne8 28.h5 Ng7 
29.Ne3 Qc8 30.hxg6 hxg6 31.Qf1 Qb7 32.f4 Nc8 33.f5 g5 34.Kf2 Kf7 35.Qh1 
Qb6 36.Qh6 Ne7 37.Bd1 1-0

[Event "European zonal B1"]
[Site "Barcelona ESP"]
[Date "1975.10.13"]
[Round "6"]
[White "Jakobsen, Ole"]
[Black "Diez del Corral Rivas, Jesus"]
[Result "1/2-1/2"]
[WhiteElo "2435"]
[BlackElo "2515"]
[EventDate "1975.10.07"]
[PlyCount "98"]

1.Nf3 Nf6 2.c4 g6 3.g3 Bg7 4.Bg2 O-O 5.O-O c5 6.d4 Na6 7.Nc3 d6 8.d5 Nc7 
9.a4 b6 10.h3 a6 11.e4 Nd7 12.Bf4 Rb8 13.Qe2 f6 14.Rfb1 a5 15.Be3 Ne5 16.
Nd2 Nf7 17.f4 e5 18.dxe6 Bxe6 19.Re1 Re8 20.Rad1 f5 21.Kh2 Bxc3 22.bxc3 
Bd7 23.Ra1 Qf6 24.Qd3 Re6 25.Qc2 Rbe8 26.Rab1 Na8 27.Bf2 h5 28.Qd3 Bc6 29.
exf5 Bxg2 30.Kxg2 Rxe1 31.Rxe1 Rxe1 32.Bxe1 Qxf5 33.Qxf5 gxf5 34.Nf1 Nc7 
35.Ne3 Nh6 36.Kf3 Kf7 37.Nd5 Ne8 38.Nxb6 Nf6 39.Ke3 Ke6 40.Kd3 Nhg8 41.Nd5
Ne7 42.Ne3 Nc8 43.Nd1 Nb6 44.Nb2 Kf7 45.Ke3 h4 46.gxh4 Kg6 47.Kf3 Kh5 48.
Ke3 Ne4 49.Kf3 Kg6 1/2-1/2

[Event "European zonal B1"]
[Site "Barcelona ESP"]
[Date "1975.10.13"]
[Round "6"]
[White "Sosonko, Gennadi"]
[Black "Keene, Raymond Dennis"]
[Result "1/2-1/2"]
[WhiteElo "2470"]
[BlackElo "2505"]
[EventDate "1975.10.07"]
[PlyCount "57"]

1.d4 Nf6 2.c4 g6 3.Nc3 Bg7 4.e4 d6 5.Be2 O-O 6.Nf3 e5 7.O-O Nc6 8.d5 Ne7 
9.Ne1 Nd7 10.Nd3 f5 11.Bd2 Nf6 12.f3 f4 13.c5 g5 14.Rc1 Ng6 15.cxd6 cxd6 
16.Nb5 Rf7 17.Qc2 g4 18.Nc7 gxf3 19.gxf3 Bh3 20.Ne6 Qb6+ 21.Rf2 Bh6 22.Qa4
Nf8 23.Nxf8 Raxf8 24.Qb4 Rg7+ 25.Kh1 Qxf2 26.Nxf2 Bg2+ 27.Kg1 Bh3+ 28.Kh1 
Bg2+ 29.Kg1 1/2-1/2

[Event "European zonal B1"]
[Site "Barcelona ESP"]
[Date "1975.10.16"]
[Round "7"]
[White "Diez del Corral Rivas, Jesus"]
[Black "Eslon, Jaan"]
[Result "1-0"]
[WhiteElo "2515"]
[BlackElo "2435"]
[EventDate "1975.10.07"]
[PlyCount "117"]

1.e4 Nf6 2.e5 Nd5 3.Bc4 Nb6 4.Bb3 d5 5.a4 e6 6.d4 c5 7.c3 cxd4 8.cxd4 Nc6 
9.Nf3 Be7 10.Nc3 O-O 11.Bc2 Nb4 12.Bb1 Nc4 13.O-O Bd7 14.Na2 f5 15.exf6 
gxf6 16.b3 Nxa2 17.Rxa2 Nd6 18.Re2 Kh8 19.Rfe1 Qe8 20.Bf4 Qh5 21.Rxe6 Bxe6
22.Rxe6 Nc8 23.Qe1 Qf7 24.Nh4 a5 25.Bd3 Bb4 26.Qe2 Nd6 27.Bxd6 Rfe8 28.Re3
Bxd6 29.g3 Rxe3 30.Qxe3 Re8 31.Qh6 Bf8 32.Qf4 Qh5 33.Kg2 Qf7 34.Nf5 Rc8 
35.Be2 Rd8 36.Bf3 Bg7 37.h4 Bf8 38.h5 Bg7 39.Ne3 h6 40.Nf5 Kh7 41.Be2 Kh8 
42.Bd3 Kg8 43.Qg4 Kh8 44.Nh4 f5 45.Bxf5 Qf6 46.Ng6+ Kg8 47.Be6+ Kh7 48.Nf4
Qg5 49.Qf3 Bf6 50.Bxd5 Kh8 51.Qe4 b6 52.Qe6 Qg7 53.Ng6+ Kh7 54.Be4 Rxd4 
55.Ne7+ Rxe4 56.Qxe4+ Kh8 57.Ng6+ Kh7 58.Kh2 Bd4 59.Ne7+ 1-0

[Event "European zonal B1"]
[Site "Barcelona ESP"]
[Date "1975.10.16"]
[Round "7"]
[White "Janetschek, Karl"]
[Black "Sosonko, Gennadi"]
[Result "0-1"]
[WhiteElo "2355"]
[BlackElo "2470"]
[EventDate "1975.10.07"]
[PlyCount "91"]

1.e4 c5 2.Nc3 Nc6 3.g3 g6 4.Bg2 Bg7 5.d3 Nf6 6.Be3 d6 7.Qc1 Be6 8.Bh6 Bxh6
9.Qxh6 Nd4 10.Qd2 O-O 11.Nce2 d5 12.e5 Ng4 13.c3 Nxe2 14.Qxe2 d4 15.h3 Nh6
16.Nf3 Bd5 17.O-O dxc3 18.bxc3 Nf5 19.Rfd1 Qa5 20.Nh4 Be6 21.Nxf5 Bxf5 22.
d4 Rad8 23.Qe3 cxd4 24.cxd4 Be6 25.Bxb7 Bxh3 26.d5 Bd7 27.Rd2 Qb4 28.Ba6 
Bf5 29.Be2 Rc8 30.Qd4 Qa5 31.Bf3 Rfd8 32.Kg2 Rc5 33.Re1 Be6 34.d6 exd6 35.
exd6 Rb5 36.Re3 Rb6 37.Red3 Bf5 38.Be4 Rb4 39.Bxf5 Rxd4 40.Rxd4 Qxf5 41.d7
h5 42.Rd5 Qe4+ 43.f3 Qe1 44.f4 Qe4+ 45.Kf2 h4 46.R5d4 0-1

[Event "European zonal B1"]
[Site "Barcelona ESP"]
[Date "1975.10.16"]
[Round "7"]
[White "Keene, Raymond Dennis"]
[Black "Jakobsen, Ole"]
[Result "1/2-1/2"]
[WhiteElo "2505"]
[BlackElo "2435"]
[EventDate "1975.10.07"]
[PlyCount "57"]

1.Nf3 Nf6 2.g3 g6 3.b3 Bg7 4.Bb2 O-O 5.Bg2 d6 6.d4 a5 7.O-O a4 8.c4 axb3 
9.axb3 Rxa1 10.Bxa1 e5 11.dxe5 Nfd7 12.Qd2 dxe5 13.Rd1 Qe7 14.Nc3 c6 15.
Ne4 Nc5 16.Nxc5 Qxc5 17.b4 Qxc4 18.Bxe5 Bxe5 19.Nxe5 Qe6 20.Nd3 Qe7 21.Qb2
Na6 22.h4 Rd8 23.Rc1 Bg4 24.Ne5 Bc8 25.b5 cxb5 26.Qxb5 Nc7 27.Qb2 Ne8 28.
Nd3 Qf6 29.Qxf6 1/2-1/2

[Event "European zonal B1"]
[Site "Barcelona ESP"]
[Date "1975.10.16"]
[Round "7"]
[White "Pachman, Ludek"]
[Black "Hutchings, Stuart"]
[Result "1/2-1/2"]
[WhiteElo "2510"]
[BlackElo "2330"]
[EventDate "1975.10.07"]
[PlyCount "90"]

1.Nf3 c5 2.c4 Nf6 3.Nc3 e6 4.g3 Nc6 5.Bg2 Be7 6.d4 d5 7.cxd5 Nxd5 8.O-O 
O-O 9.e4 Nxc3 10.bxc3 cxd4 11.cxd4 b6 12.d5 exd5 13.exd5 Nb4 14.Nd4 Ba6 
15.a3 Nd3 16.Nc6 Qd7 17.Be3 Bf6 18.Qa4 Bb7 19.Ra2 Rac8 20.Rc2 Ne5 21.Rfc1 
Rfe8 22.Rd2 h5 23.h3 Qf5 24.Qxa7 Bxc6 25.dxc6 Nf3+ 26.Bxf3 Qxf3 27.Qa6 
Rxc6 28.Rxc6 Qxc6 29.Qxb6 Qc1+ 30.Kh2 Qxa3 31.Qb5 Re5 32.Rd8+ Bxd8 33.Qxe5
h4 34.g4 Qe7 35.Qd5 Qf6 36.Kg2 Bc7 37.Bg5 Qe5 38.Qxe5 Bxe5 39.Bxh4 Kh7 40.
Bg3 Bc3 41.Bf4 Bf6 42.Kf3 Bd8 43.Ke4 g5 44.Be3 Kg6 45.f4 f6 1/2-1/2